El tribunal de vagos de la Ciudad de México -1828-1867-: O la buena conciencia de la gente decente
Sparad:
| Huvudupphovsman: | |
|---|---|
| Materialtyp: | Bok |
| Språk: | spanska |
| Publicerad: |
Ciudad de México
Suprema Corte de Justicia de la Nación
2011
|
| Upplaga: | 1a. ed |
| Ämnen: | |
| Taggar: |
Lägg till en tagg
Inga taggar, Lägg till första taggen!
|
MARC
| LEADER | 00000cam a2200000 a 4500 | ||
|---|---|---|---|
| 001 | UCE3977 | ||
| 003 | CL-VaPUC | ||
| 008 | 141003e20111000mx |||||||||||||||||spa|d | ||
| 020 | |a 9786074682809 | ||
| 082 | 0 | 4 | |a 347.72404 |b MAL |2 21 |
| 100 | |a Maldonado Ojeda, Lucio Ernesto |e autor |9 576515 | ||
| 245 | 1 | 3 | |a El tribunal de vagos de la Ciudad de México -1828-1867-: O la buena conciencia de la gente decente |
| 250 | |a 1a. ed | ||
| 300 | |a 597 p | ||
| 942 | |c BK | ||
| 945 | |d 20141003 14:18:00 |a arojas | ||
| 260 | |a Ciudad de México |b Suprema Corte de Justicia de la Nación |c 2011 | ||
| 650 | 7 | |a TRIBUNALES ESPECIALES |2 CL-VaPUC |9 576516 | |
| 650 | 7 | |a DECISIONES JUDICIALES |2 CL-VaPUC |9 257661 | |
| 650 | 7 | |a LEGISLACION |2 CL-VaPUC |9 576517 | |
| 650 | 0 | |a Vagancia |9 383230 | |
| 651 | 7 | |a CIUDAD DE MEXICO |2 CL-VaPUC |9 523269 | |
| 583 | |a last modification |c 20141003 14:18:00 |k Rodrigo Vera | ||
| 999 | |c 357072 |d 357070 | ||
| 952 | |0 0 |1 0 |3 erb |4 0 |6 347_724040000000000_MAL_2011 |7 0 |8 DER_HIS |9 464879 |a BIBDER |b BIBDER |i 5117267 |o 347.72404 MAL 2011 |p 5117267 |r 2023-01-25 |w 2019-11-23 |x Ubicación 4to Piso |y BK |z Estos recursos deben solicitarse con anticipación |k DER | ||